Paesi che visitano l'Iran più - sprint di un minuto - Statistics

Statistiche generali
  • Questo quiz è stato fatto 25 volte
  • Il punteggio medio è 9 su 20
Statistiche sulle risposte
turisti nazione % Corretto
75 000 Cina
82%
1 240 000 Iraq
82%
498 000 Turchia
73%
28 000 Russia
68%
20 000 Siria
68%
274 000 Pakistan
64%
764 000 Afghanistan
59%
79 000 India
59%
39 000 Italia
55%
46 000 Francia
50%
58 000 Germania
45%
49 000 Libano
36%
892 000 Azerbaijan
32%
30 000 Georgia
27%
21 000 Armenia
23%
136 000 Turkmenistan
23%
26 000 Oman
14%
91 000 Bahrain
9%
20 000 Paesi Bassi
9%
74 000 Kuwait
5%
Nessun quiz corrispondente trovato
Distribuzione punteggi
Percentuale di utenti per punteggio
Percentile per numero di risposta
I tuoi punteggi nel tempo
Non hai fatto questo quiz